000 01366namaa22003251i 4500
005 20260402115932.0
008 260402s1995 ua a|||frm||| 000 0 eng d
040 _aEG-GICUC
_beng
_cEG-GICUC
_dEG-GICUC
_erda
041 0 _aeng
_beng
_bara
049 _aDeposit
097 _aM.Sc
099 _aCai01.11.12.M.Sc.1995.Az.S
100 0 _aAzza Adel Aziz,
_epreparation.
245 1 0 _aSome Acoustic And Aerodynamic Studies in Stuttering /
_cBy Azza Adel Aziz ; Supervised Dr. Mohamed Shafik Khalifa, Dr. Ahmed Mostafa Bassiouny, Dr. Ashraf S. Abou El-Ezz
246 1 5 _aبعض الدراسات الصوتية والهوائية لحالات التلعثم
264 0 _c1995.
300 _a107 Leaves
_billustrations
_c30 cm. +
336 _2rda content
_atext
337 _2rdamedia
_aUnmediated
338 _2rdacarrier
_avolume
502 _aThesis (M.Sc.)-Cairo University, 1995
504 _aBibliography: pages 92-107
653 0 _aSome Acoustic And Aerodynamic Studies in Stuttering
700 0 _aMohamed Shafik Khalifa
_ethesis advisor.
700 0 _aAhmed Mostafa Bassiouny
_ethesis advisor.
700 0 _aAshraf S. Abou El-Ezz
_ethesis advisor.
900 _DDepartment of E.N.T
_FFaculty of Medicine
_UCairo University
_b1995
_cMohamed Shafik Khalifa
_c Ahmed Mostafa Bassiouny
_cAshraf S. Abou El-Ezz
905 _aNehad
942 _2ddc
_cTH
_e21
_n0
999 _c179144